|
|
|
|
| LEADER |
00926nam a2200229 a 4500 |
| 001 |
11899172 |
| 008 |
091101s1999 ph a i000 0 eng d |
| 010 |
|
|
|a \\\99911460
|
| 020 |
|
|
|a 9715611788
|
| 040 |
|
|
|a DLC
|c DLC
|
| 082 |
0 |
0 |
|a 332.1/53
|2 21
|
| 245 |
0 |
0 |
|a Cooperation between Asian Development Bank and nongovernment organizations.
|
| 260 |
|
|
|a Manila, Philippines :
|b Asian Development Bank,
|c 1999.
|
| 300 |
|
|
|a vi, 36 p. :
|b ill. ;
|c 23 cm.
|
| 500 |
|
|
|a "Publication stock number: 060598"--T.p. verso.
|
| 541 |
1 |
|
|e 00007321
|
| 610 |
2 |
0 |
|a Asian Development Bank.
|
| 650 |
|
0 |
|a Non-governmental organizations
|z Asia.
|
| 710 |
2 |
|
|a Asian Development Bank.
|
| 852 |
4 |
|
|a Ayesha Abed Library
|j General shelf
|
| 999 |
|
|
|c 4975
|d 4975
|
| 952 |
|
|
|0 0
|1 0
|2 ddc
|4 0
|6 332_153000000000000_COO_1999
|7 0
|9 4798
|a BRACUL
|b BRACUL
|c GEN
|d 2009-11-01
|g 0.00
|l 0
|o 332.153 COO
|p 3010007321
|r 2009-11-01
|t 1
|w 2009-11-01
|y BK
|x No price found in the accession register.
|